000 01282cam a22003134a 4500
001 13153895
003 OSt
005 20231229143452.0
008 030409s2004 enka b 001 0 eng
010 _a 2003050035
020 _a0754619419 (alk. paper)
040 _aDLC
_cDLC
_dDLC
042 _apcc
050 0 0 _aTL671.9
_b.P38 2004
082 0 0 _a629.13460685
_bDIN/R
100 1 _aPatankar, Manoj S.,
_d1968-
_910238
245 1 0 _aRisk management and error reduction in aviation maintenance /
_cManoj S. Patankar, James C. Taylor.
260 _aAldershot, Hampshire, England ;
_aBurlington, VT :
_bAshgate,
_cc2004.
300 _axv, 214 p. :
_bill. ;
_c24 cm.
504 _aIncludes bibliographical references (p. [203]-212) and index.
650 0 _aAirplanes
_xMaintenance and repair
_xQuality control.
650 0 _aRisk management.
650 0 _aAirlines.
650 0 _aAircraft accidents.
700 1 _aTaylor, James C.
_q(James Chapman),
_d1937-
906 _a7
_bcbc
_corignew
_d1
_eocip
_f20
_gy-gencatlg
942 _2ddc
_cBK
_h629.13460685
_iDIN/R
_k629.13460685
_mDIN/R
999 _c44242
_d44242